000 01061nam a2200337 i 4500
001 768714001
003 CO-MdFUSB
005 20230314085352.0
007 ta
008 230227t1980 -us||||g |||| 00| 0 eng d
020 _a0684177633
040 _aCO-MdFUSB
_bspa
_cCO-MdFUSB
_dCO-MdFUSBC
_erda
041 _aeng
082 _223
_a398.2
_bC613w
100 _aClarkson, Atelia
_eautor
245 1 _aWorld folktales
_b: a scribner resource collection
_c/ Atelia Clarkson , Gilbert B. Cross
264 1 _aNew York :
_bCharles Scribner's Sons,
_c1980
264 4 _c©1980
300 _a450 páginas
_c; 23 cm
336 _2rdacontent
_atexto
_btxt
337 _2rdamedia
_asin mediación
_bn
338 _2rdacarrier
_avolumen
_bnc
504 _aIncluye bibliografía
505 _aI. Una introducción al estudio del Cuento Popular -- II. Textos y anotaciones de cuentos
563 _aRústico
650 7 _2embne
_97105
_aMitología
700 _97891
_aCross, Gilbert B.
_eautor
942 _cBK
945 _aAF
999 _c68460
_d68460